[Event "NB II. Szechenyi csoport"]
[Site "Sarvar"]
[Date "2024.02.18"]
[Round "4.7"]
[White "Brayer, Janos"]
[Black "Szokolszky, Miklos"]
[Result "1/2-1/2"]
[WhiteElo "1911"]
[BlackElo "1868"]
[PlyCount "59"]
[EventDate "2023.10.08"]
[EventType "team-tourn"]
[EventRounds "9"]
[EventCountry "HUN"]
[Source "chess.hu"]
[WhiteTeam "Sakkbaratok Kisber-Aszar I."]
[BlackTeam "Sarvari Sakk Club SE"]
[WhiteTeamCountry "HUN"]
[BlackTeamCountry "HUN"]

1. d4 Nf6 2. Nf3 e6 3. Nbd2 d5 4. e3 Bd6 5. Bd3 Nbd7 6. O-O c6 7. Re1 Qc7 8. c4
b6 9. e4 dxe4 10. Nxe4 Nxe4 11. Bxe4 Bb7 12. Qa4 Nf6 13. Bd3 O-O 14. Ne5 Rfd8
15. Bf1 c5 16. Bg5 cxd4 17. f4 Be7 18. Bd3 Nh5 19. Qd1 g6 20. Bxe7 Qxe7 21. Qg4
Rac8 22. f5 Qf6 23. Nxf7 exf5 24. Bxf5 Kxf7 25. Be6+ Kg7 26. Rf1 Qe5 27. Rf7+
Kh6 28. Rxb7 Re8 29. Bd5 Qe3+ 30. Kf1 1/2-1/2

[Event "NB II. Szechenyi csoport"]
[Site "Sarvar"]
[Date "2024.02.18"]
[Round "4.8"]
[White "Katona, Janos"]
[Black "Erdei, Lajos Jr"]
[Result "1/2-1/2"]
[WhiteElo "1846"]
[BlackElo "1907"]
[PlyCount "25"]
[EventDate "2023.10.08"]
[EventType "team-tourn"]
[EventRounds "9"]
[EventCountry "HUN"]
[Source "chess.hu"]
[WhiteTeam "Sarvari Sakk Club SE"]
[BlackTeam "Sakkbaratok Kisber-Aszar I."]
[WhiteTeamCountry "HUN"]
[BlackTeamCountry "HUN"]

1. d4 c5 2. d5 Nf6 3. c4 b5 4. cxb5 a6 5. e3 axb5 6. Bxb5 Qa5+ 7. Nc3 Ba6 8.
Bxa6 Nxa6 9. Nge2 Nb4 10. O-O g6 11. e4 d6 12. a3 Bg7 13. Bh6 1/2-1/2

[Event "NB II. Szechenyi csoport"]
[Site "Sarvar"]
[Date "2024.02.18"]
[Round "4.9"]
[White "Redl, Tibor"]
[Black "Hadrik, Csaba"]
[Result "1/2-1/2"]
[WhiteElo "1892"]
[BlackElo "1811"]
[PlyCount "99"]
[EventDate "2023.10.08"]
[EventType "team-tourn"]
[EventRounds "9"]
[EventCountry "HUN"]
[Source "chess.hu"]
[WhiteTeam "Sakkbaratok Kisber-Aszar I."]
[BlackTeam "Sarvari Sakk Club SE"]
[WhiteTeamCountry "HUN"]
[BlackTeamCountry "HUN"]

1. f4 d5 2. Nf3 Nf6 3. e3 c5 4. b3 e6 5. Bb2 Nc6 6. Bb5 Bd7 7. Bxc6 Bxc6 8. O-O
Be7 9. Ne5 O-O 10. d3 Rc8 11. Rf3 d4 12. e4 Nd7 13. Rh3 f5 14. Nxc6 Rxc6 15. e5
g5 16. Qh5 Rf7 17. Rg3 Rg7 18. Bc1 g4 19. a4 Bh4 20. Na3 Bxg3 21. hxg3 Rg6 22.
Kf2 Qa5 23. Qh4 Rg7 24. Nc4 Qc7 25. Bd2 Nb6 26. Ba5 Qd7 27. Bxb6 axb6 28. a5 b5
29. Nd6 Rxd6 30. exd6 Qxd6 31. Re1 Rg6 32. Re5 Qc7 33. b4 cxb4 34. Rxb5 Qxc2+
35. Kg1 Qc1+ 36. Kh2 Qc7 37. Kg1 Kg7 38. Re5 b3 39. Re1 b2 40. Kf1 h6 41. Kg1
Rf6 42. Qh1 Qc3 43. Kh2 Qxd3 44. Qg1 Qc3 45. Rb1 Qc2 46. Qd1 d3 47. Qg1 Kg6 48.
a6 bxa6 49. Qd4 Qxb1 50. Qxf6+ 1/2-1/2

[Event "NB II. Szechenyi csoport"]
[Site "Sarvar"]
[Date "2024.02.18"]
[Round "4.10"]
[White "Gal, Cintia"]
[Black "Malomsoki, Laszlo"]
[Result "1/2-1/2"]
[WhiteElo "1686"]
[BlackElo "1655"]
[PlyCount "56"]
[EventDate "2023.10.08"]
[EventType "team-tourn"]
[EventRounds "9"]
[EventCountry "HUN"]
[Source "chess.hu"]
[WhiteTeam "Sarvari Sakk Club SE"]
[BlackTeam "Sakkbaratok Kisber-Aszar I."]
[WhiteTeamCountry "HUN"]
[BlackTeamCountry "HUN"]

1. e4 c5 2. Nf3 e6 3. c3 d5 4. exd5 exd5 5. Bb5+ Nc6 6. Bxc6+ bxc6 7. Qe2+ Be7
8. Ne5 Qc7 9. O-O Be6 10. Re1 Nf6 11. d3 O-O 12. h3 Bd6 13. Bg5 Nd7 14. Nxd7
Qxd7 15. Nd2 Rae8 16. Qh5 f6 17. Be3 Bf7 18. Qf3 Bg6 19. Nb3 Qe7 20. Bf4 Qc7
21. Bxd6 Qxd6 22. c4 Re5 23. Rac1 Rfe8 24. Rxe5 Rxe5 25. cxd5 Rxd5 26. Qe3 Re5
27. Qg3 Bxd3 28. Nxc5 Bg6 1/2-1/2

[Event "NB II. Szechenyi csoport"]
[Site "Sarvar"]
[Date "2024.02.18"]
[Round "4.11"]
[White "Sarok, Peter Jr"]
[Black "Markovicz, Gyorgy"]
[Result "1-0"]
[WhiteElo "1546"]
[BlackElo "1323"]
[PlyCount "97"]
[EventDate "2023.10.08"]
[EventType "team-tourn"]
[EventRounds "9"]
[EventCountry "HUN"]
[Source "chess.hu"]
[WhiteTeam "Sakkbaratok Kisber-Aszar I."]
[BlackTeam "Sarvari Sakk Club SE"]
[WhiteTeamCountry "HUN"]
[BlackTeamCountry "HUN"]

1. d4 d5 2. c4 dxc4 3. Nc3 e6 4. e3 Nf6 5. Nf3 Bd6 6. Bxc4 a6 7. O-O b5 8. Bd3
Bb7 9. Re1 O-O 10. e4 Be7 11. Qc2 Ne8 12. Be3 Nc6 13. Rac1 Nb4 14. Qd2 Nxd3 15.
Qxd3 c5 16. Rcd1 c4 17. Qc2 Rc8 18. d5 exd5 19. Nxd5 Bxd5 20. Rxd5 Qa5 21. a3
g6 22. Rd7 Bf6 23. b4 Qxa3 24. Bc5 Qb3 25. Qxb3 cxb3 26. e5 Bh8 27. Rb1 Ng7 28.
Bxf8 Kxf8 29. Kf1 Rc3 30. Ke2 Ne6 31. g3 a5 32. bxa5 Rc2+ 33. Rd2 Rc3 34. a6
Bg7 35. a7 Nc7 36. Rd7 Rc2+ 37. Nd2 Bxe5 38. Rxc7 Rxc7 39. a8=Q+ Kg7 40. Rxb3
Re7 41. Kf1 h5 42. Rxb5 Bf6 43. Rb8 Kh7 44. Ne4 Bg7 45. Ng5+ Kh6 46. h4 f6 47.
Rh8+ Bxh8 48. Qxh8+ Rh7 49. Qxh7# 1-0

[Event "NB II. Szechenyi csoport"]
[Site "Sarvar"]
[Date "2024.02.18"]
[Round "4.12"]
[White "Papp, Csongor"]
[Black "Mente, Koppany"]
[Result "1-0"]
[WhiteElo "1378"]
[BlackElo "1365"]
[PlyCount "59"]
[EventDate "2023.10.08"]
[EventType "team-tourn"]
[EventRounds "9"]
[EventCountry "HUN"]
[Source "chess.hu"]
[WhiteTeam "Sarvari Sakk Club SE"]
[BlackTeam "Sakkbaratok Kisber-Aszar I."]
[WhiteTeamCountry "HUN"]
[BlackTeamCountry "HUN"]

1. e4 e5 2. Nf3 Nc6 3. Bb5 a6 4. Ba4 Bc5 5. c3 b5 6. Bc2 d6 7. d4 Ba7 8. h3 f6
9. O-O Nge7 10. Re1 Bb7 11. Be3 Nb8 12. Nbd2 O-O 13. Nf1 f5 14. Bg5 fxe4 15.
Bxe4 Bxe4 16. Rxe4 h6 17. Bxe7 Qxe7 18. dxe5 dxe5 19. Qd5+ Kh8 20. Qxa8 Qc5 21.
Re3 Nc6 22. Qb7 e4 23. Nd4 Nxd4 24. cxd4 Qf5 25. Qxe4 Qxf2+ 26. Kh1 c5 27. Rf3
Rxf3 28. Qxf3 Qxb2 29. Re1 c4 30. Re8+ 1-0

[Event "NB II. Szechenyi csoport"]
[Site "Tapolca"]
[Date "2024.02.18"]
[Round "4.1"]
[White "Horvath, Tibor"]
[Black "Gyarmati, Janos"]
[Result "1-0"]
[WhiteElo "1829"]
[BlackElo "2043"]
[PlyCount "77"]
[EventDate "2023.10.08"]
[EventType "team-tourn"]
[EventRounds "9"]
[EventCountry "HUN"]
[Source "chess.hu"]
[WhiteTeam "Arboretum Hereny SE"]
[BlackTeam "Tapolca Varosi SE II"]
[WhiteTeamCountry "HUN"]
[BlackTeamCountry "HUN"]

1. d4 d5 2. c4 e6 3. g3 Nf6 4. Bg2 c6 5. Nf3 Bd6 6. O-O Nbd7 7. Nc3 O-O 8. Nd2
Bb4 9. e4 Bxc3 10. bxc3 dxe4 11. Nxe4 Nxe4 12. Bxe4 Nb6 13. Qd3 h6 14. a4 e5
15. a5 Nd7 16. Ba3 Re8 17. a6 exd4 18. cxd4 Qc7 19. axb7 Bxb7 20. Rfb1 a5 21.
Qf3 Rad8 22. Bc1 Nf6 23. Bf4 Qd7 24. Bc2 Qxd4 25. Rxa5 Ba8 26. c5 Nd5 27. Bd6
Nc3 28. Rba1 Bb7 29. Ra7 Nb5 30. R1a4 Qd2 31. Rxb7 Nxd6 32. cxd6 Rf8 33. Qe4 g6
34. Rd4 Qc3 35. Rc4 Qa1+ 36. Kg2 Rxd6 37. Rxc6 Qf6 38. Rbb6 Rxc6 39. Rxc6 1-0

[Event "NB II. Szechenyi csoport"]
[Site "Tapolca"]
[Date "2024.02.18"]
[Round "4.2"]
[White "Heiligermann, Gabor"]
[Black "Tako, Helga"]
[Result "1-0"]
[WhiteElo "1914"]
[BlackElo "1881"]
[PlyCount "81"]
[EventDate "2023.10.08"]
[EventType "team-tourn"]
[EventRounds "9"]
[EventCountry "HUN"]
[Source "chess.hu"]
[WhiteTeam "Tapolca Varosi SE II"]
[BlackTeam "Arboretum Hereny SE"]
[WhiteTeamCountry "HUN"]
[BlackTeamCountry "HUN"]

1. c4 e5 2. Nc3 Nf6 3. g3 Bc5 4. Bg2 d6 5. e3 Nc6 6. Nge2 O-O 7. d4 exd4 8.
exd4 Bb6 9. O-O Bf5 10. a3 a5 11. Bg5 h6 12. Bxf6 Qxf6 13. Nd5 Qd8 14. Nxb6
cxb6 15. Nc3 Re8 16. Qd2 Rc8 17. b3 Qf6 18. Rfd1 Qg6 19. Rac1 Qf6 20. Nd5 Qd8
21. Qf4 Bg6 22. Nc3 Rc7 23. Nd5 Rd7 24. f3 Ne7 25. Nc3 Nf5 26. Bh3 Qg5 27. Qxg5
hxg5 28. Nd5 Rdd8 29. Kf2 Kf8 30. Nxb6 Ne7 31. Bd7 Nc6 32. Bxe8 Rxe8 33. c5
dxc5 34. dxc5 Kg8 35. Rc3 Bf5 36. Nc4 Be6 37. Nd6 Re7 38. Re3 g6 39. Ne4 g4 40.
Nf6+ Kg7 41. Nxg4 1-0

[Event "NB II. Szechenyi csoport"]
[Site "Tapolca"]
[Date "2024.02.18"]
[Round "4.3"]
[White "Finy, Mark"]
[Black "Domonkos, Tamas"]
[Result "1-0"]
[WhiteElo "1915"]
[BlackElo "1895"]
[PlyCount "107"]
[EventDate "2023.10.08"]
[EventType "team-tourn"]
[EventRounds "9"]
[EventCountry "HUN"]
[Source "chess.hu"]
[WhiteTeam "Arboretum Hereny SE"]
[BlackTeam "Tapolca Varosi SE II"]
[WhiteTeamCountry "HUN"]
[BlackTeamCountry "HUN"]

1. d4 Nf6 2. c4 c6 3. Nc3 d5 4. cxd5 cxd5 5. Nf3 e6 6. e3 Nbd7 7. Bd3 a6 8. O-O
Bd6 9. h3 O-O 10. a3 b5 11. e4 dxe4 12. Nxe4 Nxe4 13. Bxe4 Rb8 14. Qc2 Nf6 15.
Bg5 h6 16. Bxf6 Qxf6 17. Rfe1 Bd7 18. Ne5 Bxe5 19. dxe5 Qg5 20. Qc7 Qd8 21. Qa7
Qe8 22. Rec1 b4 23. Qxa6 Bb5 24. Qd6 bxa3 25. bxa3 Rd8 26. Qb4 Ba4 27. Rab1 Qd7
28. Rc4 Bd1 29. a4 Qa7 30. Qe1 Bh5 31. a5 Bg6 32. Bxg6 fxg6 33. Ra4 Rc8 34. Qe2
Rc6 35. a6 Rf7 36. Rb2 Qc5 37. Raa2 Qc1+ 38. Kh2 Ra7 39. Rb7 Qf4+ 40. g3 Qd4
41. Rxa7 Qxa7 42. Qe3 Rc7 43. Qxa7 Rxa7 44. Kg2 Kf8 45. Kf3 Ke7 46. Ke4 Kd7 47.
Rd2+ Ke7 48. Ra2 Kd7 49. Kd4 Kc6 50. Kc4 Kb6 51. Rd2 Rc7+ 52. Kb4 Re7 53. Rd6+
Ka7 54. Kb5 1-0

[Event "NB II. Szechenyi csoport"]
[Site "Tapolca"]
[Date "2024.02.18"]
[Round "4.4"]
[White "Kasnya, Peter"]
[Black "Gabor, Attila"]
[Result "0-1"]
[WhiteElo "1893"]
[BlackElo "1779"]
[PlyCount "88"]
[EventDate "2023.10.08"]
[EventType "team-tourn"]
[EventRounds "9"]
[EventCountry "HUN"]
[Source "chess.hu"]
[WhiteTeam "Tapolca Varosi SE II"]
[BlackTeam "Arboretum Hereny SE"]
[WhiteTeamCountry "HUN"]
[BlackTeamCountry "HUN"]

1. e4 e5 2. Nf3 Nc6 3. d4 exd4 4. Nxd4 d6 5. Nc3 Nf6 6. Bc4 Be7 7. Be3 Nxd4 8.
Bxd4 Be6 9. Bd3 O-O 10. f4 c5 11. Be3 Ng4 12. Bd2 c4 13. Be2 Nf6 14. f5 Bd7 15.
Bxc4 Rc8 16. Bb3 b5 17. Qf3 a5 18. a4 b4 19. Nd5 Nxd5 20. exd5 Bf6 21. O-O-O
Be5 22. Bf4 f6 23. g4 Qe8 24. Rhg1 Bxa4 25. Kb1 Bxb3 26. cxb3 a4 27. g5 axb3
28. gxf6 Bxf6 29. Rd3 Qa4 30. Rxb3 Ra8 31. Rc1 Qa1+ 32. Kc2 Rac8+ 33. Kd1 Rxc1+
34. Bxc1 Rc8 35. Qe3 Be5 36. Rxb4 Qa5 37. Qb3 Qa6 38. Rb5 Qa1 39. Qe3 Qa4+ 40.
Rb3 Qg4+ 41. Ke1 Re8 42. Kf1 Rf8 43. Qe2 Rxf5+ 44. Ke1 Qg1+ 0-1

[Event "NB II. Szechenyi csoport"]
[Site "Tapolca"]
[Date "2024.02.18"]
[Round "4.5"]
[White "Foki, Robert"]
[Black "Bencze, Balazs Dominik"]
[Result "1/2-1/2"]
[WhiteElo "1651"]
[BlackElo "1756"]
[PlyCount "44"]
[EventDate "2023.10.08"]
[EventType "team-tourn"]
[EventRounds "9"]
[EventCountry "HUN"]
[Source "chess.hu"]
[WhiteTeam "Arboretum Hereny SE"]
[BlackTeam "Tapolca Varosi SE II"]
[WhiteTeamCountry "HUN"]
[BlackTeamCountry "HUN"]

1. f4 d5 2. e3 Nf6 3. Be2 c5 4. Nf3 Nc6 5. a3 e6 6. O-O Be7 7. b3 d4 8. exd4
Nxd4 9. Bb2 Nxe2+ 10. Qxe2 O-O 11. Nc3 b6 12. Ne4 Bb7 13. Nxf6+ Bxf6 14. Bxf6
Bxf3 15. Rxf3 Qxf6 16. Qe5 Qxe5 17. fxe5 Rad8 18. d3 f5 19. exf6 gxf6 20. Re1
e5 21. Re4 Rd4 22. Ree3 Rg4 1/2-1/2

[Event "NB II. Szechenyi csoport"]
[Site "Tapolca"]
[Date "2024.02.18"]
[Round "4.6"]
[White "Parej, Jozsef"]
[Black "Vasenszky, Zoltan Gyorgy"]
[Result "1/2-1/2"]
[WhiteElo "1847"]
[BlackElo "1505"]
[PlyCount "53"]
[EventDate "2023.10.08"]
[EventType "team-tourn"]
[EventRounds "9"]
[EventCountry "HUN"]
[Source "chess.hu"]
[WhiteTeam "Tapolca Varosi SE II"]
[BlackTeam "Arboretum Hereny SE"]
[WhiteTeamCountry "HUN"]
[BlackTeamCountry "HUN"]

1. e4 e6 2. d4 d5 3. e5 c5 4. Nf3 Nc6 5. Bd3 Qb6 6. a3 cxd4 7. b4 a6 8. O-O
Nge7 9. Bf4 Ng6 10. Bg3 Be7 11. Nbd2 Qc7 12. Re1 O-O 13. Nb3 Bd7 14. h4 Rfc8
15. Rc1 b5 16. h5 Nf8 17. Nfxd4 Nxd4 18. Nxd4 h6 19. Kh2 Qd8 20. f4 Bh4 21. Qg4
Bxg3+ 22. Qxg3 f5 23. exf6 Qxf6 24. Nb3 Be8 25. Qg4 Ra7 26. Nc5 Rc6 27. Re5
1/2-1/2

[Event "NB II. Szechenyi csoport"]
[Site "Tapolca"]
[Date "2024.02.18"]
[Round "4.7"]
[White "Jokai, Bence"]
[Black "Horvath, Lajos"]
[Result "1/2-1/2"]
[WhiteElo "1565"]
[BlackElo "1661"]
[PlyCount "76"]
[EventDate "2023.10.08"]
[EventType "team-tourn"]
[EventRounds "9"]
[EventCountry "HUN"]
[Source "chess.hu"]
[WhiteTeam "Arboretum Hereny SE"]
[BlackTeam "Tapolca Varosi SE II"]
[WhiteTeamCountry "HUN"]
[BlackTeamCountry "HUN"]

1. e4 c5 2. Nf3 e6 3. d4 cxd4 4. Nxd4 a6 5. c4 Nf6 6. Nc3 Be7 7. Be2 d6 8. g4
h6 9. f4 b6 10. Bf3 Ra7 11. Be3 Bd7 12. Qb3 Qc7 13. e5 dxe5 14. Nxe6 Bxe6 15.
Bxb6 Bxc4 16. Bxc7 Bxb3 17. Bxb8 Rd7 18. axb3 e4 19. Bxe4 Nxe4 20. Nxe4 Bb4+
21. Ke2 O-O 22. Be5 Re8 23. Ra4 a5 24. Kf3 Rd3+ 25. Kg2 f6 26. Nf2 Rxb3 27. Bd4
Re2 28. Rc1 Rd3 29. Kf1 Rdd2 30. h3 Kf7 31. f5 Re7 32. Bc3 Bxc3 33. bxc3 Ree2
34. Ne4 Rb2 35. Re1 Rh2 36. Kg1 Rbg2+ 37. Kf1 Rb2 38. Nf2 Rbxf2+ 1/2-1/2

[Event "NB II. Szechenyi csoport"]
[Site "Tapolca"]
[Date "2024.02.18"]
[Round "4.8"]
[White "Kiss, Gergely"]
[Black "Szalay, Istvan"]
[Result "1/2-1/2"]
[WhiteElo "1698"]
[BlackElo "1435"]
[PlyCount "36"]
[EventDate "2023.10.08"]
[EventType "team-tourn"]
[EventRounds "9"]
[EventCountry "HUN"]
[Source "chess.hu"]
[WhiteTeam "Tapolca Varosi SE II"]
[BlackTeam "Arboretum Hereny SE"]
[WhiteTeamCountry "HUN"]
[BlackTeamCountry "HUN"]

1. d4 d5 2. Nf3 Nc6 3. Bg5 Bf5 4. c3 f6 5. Bf4 Bg6 6. e3 a6 7. Bd3 Bxd3 8. Qxd3
e6 9. e4 Nge7 10. O-O Ng6 11. Bg3 Bd6 12. exd5 exd5 13. Re1+ Kf7 14. Qf5 Nce7
15. Qe6+ Kf8 16. Bxd6 Qxd6 17. Qxd6 cxd6 18. Nbd2 Kf7 1/2-1/2

[Event "NB II. Szechenyi csoport"]
[Site "Tapolca"]
[Date "2024.02.18"]
[Round "4.9"]
[White "Kulcsar, Jozsef"]
[Black "Toth, Csongor"]
[Result "0-1"]
[WhiteElo "1404"]
[BlackElo "1555"]
[PlyCount "94"]
[EventDate "2023.10.08"]
[EventType "team-tourn"]
[EventRounds "9"]
[EventCountry "HUN"]
[Source "chess.hu"]
[WhiteTeam "Arboretum Hereny SE"]
[BlackTeam "Tapolca Varosi SE II"]
[WhiteTeamCountry "HUN"]
[BlackTeamCountry "HUN"]

1. d4 d5 2. Nf3 e6 3. g3 Nf6 4. Bg2 Be7 5. c4 c6 6. Nc3 O-O 7. O-O dxc4 8. Ne5
Nbd7 9. Nxc4 Nb6 10. Ne5 Nfd5 11. Nxd5 exd5 12. Bf4 Bd6 13. b3 Bxe5 14. Bxe5 g5
15. g4 Bxg4 16. h3 Bf5 17. Re1 f6 18. Bg3 Re8 19. e3 Qd7 20. Qh5 Qf7 21. Qe2
Qg6 22. a4 Re7 23. a5 Nd7 24. a6 b6 25. b4 Rae8 26. b5 Bd3 27. Qb2 Bxb5 28.
Bxd5+ cxd5 29. Qxb5 Qe4 30. Rac1 Nf8 31. Qc6 Qe6 32. Bd6 Rd7 33. Bg3 Qxc6 34.
Rxc6 Kf7 35. Rec1 Ne6 36. Rc8 Rxc8 37. Rxc8 Nd8 38. Bc7 Ke7 39. Kg2 Ne6 40. Bg3
Rd8 41. Rb8 Rd7 42. Rb7 Nd8 43. Bc7 Nc6 44. Bb8 Rxb7 45. Bd6+ Kxd6 46. axb7 Kc7
47. Kf3 Kxb7 0-1

[Event "NB II. Szechenyi csoport"]
[Site "Tapolca"]
[Date "2024.02.18"]
[Round "4.10"]
[White "Lukacs, Levente"]
[Black "Vasenszky, Kata Sara"]
[Result "1/2-1/2"]
[WhiteElo "1162"]
[BlackElo "1142"]
[PlyCount "47"]
[EventDate "2023.10.08"]
[EventType "team-tourn"]
[EventRounds "9"]
[EventCountry "HUN"]
[Source "chess.hu"]
[WhiteTeam "Tapolca Varosi SE II"]
[BlackTeam "Arboretum Hereny SE"]
[WhiteTeamCountry "HUN"]
[BlackTeamCountry "HUN"]

1. d4 d5 2. Nf3 Nf6 3. e3 Bg4 4. Bd3 e6 5. O-O c5 6. b3 Be7 7. Nbd2 O-O 8. Be2
Nc6 9. Bb2 Qc7 10. Rc1 Rac8 11. a3 Rfd8 12. dxc5 Bxc5 13. Bxf6 gxf6 14. b4 Bb6
15. Nh4 Bxe2 16. Qxe2 Ne5 17. Qh5 Kh8 18. Qe2 Qc3 19. Ndf3 Qc4 20. Qd1 Nxf3+
21. Nxf3 Rg8 22. h3 Qc3 23. Qd3 Qxd3 24. cxd3 1/2-1/2

[Event "NB II. Szechenyi csoport"]
[Site "Tapolca"]
[Date "2024.02.18"]
[Round "4.11"]
[White "Kulcsar, Tamas"]
[Black "Torok, Gergo"]
[Result "0-1"]
[WhiteElo "1256"]
[BlackElo "1072"]
[PlyCount "114"]
[EventDate "2023.10.08"]
[EventType "team-tourn"]
[EventRounds "9"]
[EventCountry "HUN"]
[Source "chess.hu"]
[WhiteTeam "Arboretum Hereny SE"]
[BlackTeam "Tapolca Varosi SE II"]
[WhiteTeamCountry "HUN"]
[BlackTeamCountry "HUN"]

1. e4 c5 2. d4 cxd4 3. Qxd4 Qc7 4. Nf3 Nc6 5. Qc4 a6 6. Nc3 e6 7. Be2 b5 8. Qd3
Bb7 9. O-O Nf6 10. h3 Nb4 11. Qd2 Nxe4 12. Nxe4 Bxe4 13. Bd3 Nxd3 14. cxd3 Bxf3
15. gxf3 Bd6 16. Re1 a5 17. Qe2 Rc8 18. Be3 O-O 19. Rac1 Qd8 20. d4 Qe7 21.
Qxb5 Rb8 22. Qxa5 Bb4 23. Qe5 f6 24. Qe4 Bxe1 25. Rxe1 d5 26. Qg4 f5 27. Qf4
Rbc8 28. h4 Qc7 29. Qg5 h6 30. Qg6 Qf7 31. Qg3 f4 32. Bxf4 Qxf4 33. Qxf4 Rxf4
34. Rxe6 Rxd4 35. h5 Kf7 36. Ra6 Rh4 37. Ra7+ Kg8 38. a4 Rxh5 39. a5 d4 40. a6
Ra5 41. b4 Ra1+ 42. Kg2 d3 43. Rd7 Rd1 44. a7 Ra8 45. b5 Rb1 46. Rb7 Kh7 47. b6
d2 48. Rd7 Rxb6 49. Rxd2 Rxa7 50. Kg3 Rg6+ 51. Kf4 Rf7+ 52. Ke3 Re6+ 53. Kd3
Rd7+ 54. Kc2 Rxd2+ 55. Kxd2 Kg6 56. Kd3 Kf5 57. Kd4 Re8 0-1

[Event "NB II. Szechenyi csoport"]
[Site "Aszar"]
[Date "2024.03.03"]
[Round "5.1"]
[White "Gyarmati, Janos"]
[Black "Szegi, Tamas"]
[Result "1/2-1/2"]
[WhiteElo "2028"]
[BlackElo "2146"]
[PlyCount "22"]
[EventDate "2023.10.08"]
[EventType "team-tourn"]
[EventRounds "9"]
[EventCountry "HUN"]
[Source "chess.hu"]
[WhiteTeam "Tapolca Varosi SE II"]
[BlackTeam "Sakkbaratok Kisber-Aszar I."]
[WhiteTeamCountry "HUN"]
[BlackTeamCountry "HUN"]

1. e4 c5 2. Nf3 e6 3. Nc3 a6 4. g3 Nc6 5. Bg2 g6 6. O-O Bg7 7. d3 Nge7 8. Ng5
d6 9. f4 Nd4 10. Ne2 h6 11. Nh3 O-O 1/2-1/2

[Event "NB II. Szechenyi csoport"]
[Site "Aszar"]
[Date "2024.03.03"]
[Round "5.2"]
[White "Sebestyen, Gabor"]
[Black "Heiligermann, Gabor"]
[Result "1/2-1/2"]
[WhiteElo "2185"]
[BlackElo "1957"]
[PlyCount "35"]
[EventDate "2023.10.08"]
[EventType "team-tourn"]
[EventRounds "9"]
[EventCountry "HUN"]
[Source "chess.hu"]
[WhiteTeam "Sakkbaratok Kisber-Aszar I."]
[BlackTeam "Tapolca Varosi SE II"]
[WhiteTeamCountry "HUN"]
[BlackTeamCountry "HUN"]

1. e4 c5 2. Nf3 Nc6 3. d4 cxd4 4. Nxd4 Nf6 5. Nc3 e5 6. Ndb5 d6 7. Bg5 a6 8.
Bxf6 gxf6 9. Na3 f5 10. Bd3 Qg5 11. g3 Be6 12. Nc4 O-O-O 13. Nb6+ Kb8 14. Ncd5
fxe4 15. Bxe4 f5 16. Bg2 h5 17. Qd2 Qxd2+ 18. Kxd2 1/2-1/2

[Event "NB II. Szechenyi csoport"]
[Site "Aszar"]
[Date "2024.03.03"]
[Round "5.3"]
[White "Domonkos, Tamas"]
[Black "Sarok, Peter"]
[Result "1-0"]
[WhiteElo "1932"]
[BlackElo "2023"]
[PlyCount "67"]
[EventDate "2023.10.08"]
[EventType "team-tourn"]
[EventRounds "9"]
[EventCountry "HUN"]
[Source "chess.hu"]
[WhiteTeam "Tapolca Varosi SE II"]
[BlackTeam "Sakkbaratok Kisber-Aszar I."]
[WhiteTeamCountry "HUN"]
[BlackTeamCountry "HUN"]

1. c4 Nf6 2. Nc3 e6 3. g3 d5 4. cxd5 exd5 5. d4 c6 6. Bg2 Bd6 7. Nf3 O-O 8. O-O
Re8 9. Bg5 Nbd7 10. a3 h6 11. Bxf6 Nxf6 12. h3 Bf5 13. e3 Qd7 14. Kh2 Rad8 15.
Ne2 Ne4 16. Nf4 g5 17. Nd3 Qc7 18. Nfe5 f6 19. Ng4 Kg7 20. f4 h5 21. fxg5 Nxg3
22. gxf6+ Kg6 23. Nge5+ Bxe5 24. dxe5 Rxe5 25. Nf4+ Kf7 26. Kxg3 Rxe3+ 27. Kh4
Bg4 28. Qc2 Rd7 29. Qg6+ Kf8 30. Qh6+ Kg8 31. Qg5+ Kh8 32. Ng6+ Kh7 33. Nf8+
Kh8 34. Qxe3 1-0

[Event "NB II. Szechenyi csoport"]
[Site "Aszar"]
[Date "2024.03.03"]
[Round "5.4"]
[White "Dekany, Lajos"]
[Black "Kasnya, Peter"]
[Result "1/2-1/2"]
[WhiteElo "1940"]
[BlackElo "1920"]
[PlyCount "73"]
[EventDate "2023.10.08"]
[EventType "team-tourn"]
[EventRounds "9"]
[EventCountry "HUN"]
[Source "chess.hu"]
[WhiteTeam "Sakkbaratok Kisber-Aszar I."]
[BlackTeam "Tapolca Varosi SE II"]
[WhiteTeamCountry "HUN"]
[BlackTeamCountry "HUN"]

1. Nf3 g6 2. c4 Bg7 3. d4 d6 4. h3 Nd7 5. Nc3 h6 6. e4 e5 7. d5 Ne7 8. Bd3 Nc5
9. Bc2 a5 10. Be3 f5 11. Bxc5 dxc5 12. Ba4+ Bd7 13. exf5 gxf5 14. Nh4 O-O 15.
Bxd7 Qxd7 16. g4 Bf6 17. Nxf5 Nxf5 18. gxf5 Qxf5 19. Qg4+ Qxg4 20. hxg4 Bg5 21.
Ne4 Rf4 22. f3 Raf8 23. Nxg5 hxg5 24. Rh5 Rxc4 25. Rxg5+ Kh7 26. Kf2 Kh6 27.
Rh5+ Kg6 28. Kg3 Rcf4 29. Rxe5 Rxf3+ 30. Kh4 Rh8+ 31. Rh5 Re8 32. Rd1 Ree3 33.
Rg5+ Kh6 34. Rh5+ Kg6 35. Rg5+ Kh6 36. Rh5+ Kg6 37. Rg5+ 1/2-1/2

[Event "NB II. Szechenyi csoport"]
[Site "Aszar"]
[Date "2024.03.03"]
[Round "5.5"]
[White "Bencze, Balazs Dominik"]
[Black "Salamon, Peter"]
[Result "0-1"]
[WhiteElo "1852"]
[BlackElo "1977"]
[PlyCount "92"]
[EventDate "2023.10.08"]
[EventType "team-tourn"]
[EventRounds "9"]
[EventCountry "HUN"]
[Source "chess.hu"]
[WhiteTeam "Tapolca Varosi SE II"]
[BlackTeam "Sakkbaratok Kisber-Aszar I."]
[WhiteTeamCountry "HUN"]
[BlackTeamCountry "HUN"]

1. d4 d5 2. Nf3 c6 3. e3 Bg4 4. Bd3 Nf6 5. Nbd2 Nbd7 6. h3 Bh5 7. g4 Bg6 8.
Bxg6 hxg6 9. Ne5 e6 10. f4 Be7 11. g5 Nh5 12. Qg4 Nxe5 13. dxe5 Qa5 14. c3 Qb6
15. Nb3 c5 16. Kf2 a5 17. Rd1 Rd8 18. Nd2 O-O 19. b3 d4 20. c4 dxe3+ 21. Kxe3
Rd7 22. Ne4 Rfd8 23. Rxd7 Rxd7 24. Nc3 Qd8 25. Kf2 Rd3 26. Ne2 Ng3 27. Qxg3
Rxg3 28. Kxg3 Qd3+ 29. Kf2 b5 30. cxb5 Qxb5 31. Be3 c4 32. Rc1 cxb3 33. Nd4 Qd7
34. Nxb3 a4 35. Nc5 Qd5 36. Rc2 Bxc5 37. Bxc5 Qd3 38. Re2 Qxh3 39. a3 Qc3 40.
Bd6 f6 41. gxf6 gxf6 42. Re3 Qd2+ 43. Kf3 Kf7 44. Re2 Qd3+ 45. Re3 Qf1+ 46. Kg4
f5+ 0-1

[Event "NB II. Szechenyi csoport"]
[Site "Aszar"]
[Date "2024.03.03"]
[Round "5.6"]
[White "Gonczol, Gabor"]
[Black "Horvath, Lajos"]
[Result "1-0"]
[WhiteElo "1969"]
[BlackElo "1788"]
[PlyCount "52"]
[EventDate "2023.10.08"]
[EventType "team-tourn"]
[EventRounds "9"]
[EventCountry "HUN"]
[Source "chess.hu"]
[WhiteTeam "Sakkbaratok Kisber-Aszar I."]
[BlackTeam "Tapolca Varosi SE II"]
[WhiteTeamCountry "HUN"]
[BlackTeamCountry "HUN"]

1. Nf3 Nf6 2. d4 d5 3. g3 g6 4. Bg2 Bg7 5. O-O O-O 6. c4 c6 7. Nc3 a6 8. Ne5
dxc4 9. Nxc4 Be6 10. Ne5 Qc8 11. Re1 Rd8 12. Na4 Qc7 13. Bf4 Nh5 14. Nxf7 Nxf4
15. Nxd8 Qxd8 16. gxf4 Nd7 17. d5 Bf7 18. dxc6 bxc6 19. Bxc6 Ra7 20. Rc1 e5 21.
Nc5 exf4 22. Nxd7 Qg5+ 23. Kh1 f3 24. Bxf3 Bxb2 25. Rc8+ Kg7 26. Qd6 Kh6 1-0